000 00717nam a2200289Ia 4500
005 20260324121202.0
008 008 260324s9999 xx 000 0 eng d
020 _a9781003233725
037 _aEBOOK
040 _aCRL
040 _beng
040 _cCRL
041 _2eng
041 _aeng
084 _qCRL
100 _aSandra L. Berger
_91161532
245 0 _aCollege Planning for Gifted Students
245 0 _bChoosing and Getting Into the Right College (Updated ed.)
260 _bTaylor and Francis
260 _c2014
365 _a
365 _b89.99
856 _uhttp://www.taylorfrancis.com/books/9781003233725
942 _cEBOOK
999 _c1753469
_d1753469